Statistics for African Click Quiz

Click here to take the quiz!

General Stats

  • This quiz has been taken 37 times
  • The average score is 11 of 14

Answer Stats

HintAnswer% Correct
Disease that swept through West Africa in the 2010sEbola
97%
Country that held the 2010 World Cup famous for the song Waka WakaSouth Africa
94%
City with the same name of a very famous classic filmCasablanca
90%
Capital of LibyaTripoli
90%
City where a very great library used to beAlexandria
87%
Most populous country in AfricaNigeria
84%
Freddie Mercury was born in this countryTanzania
84%
Country that started as an American colony to send slaves back to AfricaLiberia
77%
Country whose flag looks suspiciously like Ireland'sIvory Coast
71%
The 3rd country to be colonised by Portugal apart from Mozambique & AngolaCape Verde
65%
7th largest producer of coffeeEthiopia
65%
The Great Mosque of Djenne is in this countryMali
65%
City where Carthage (or what's left of it) is closest toTunis
61%
Where Ancient Nubia was locatedSudan
55%

Score Distribution

Percentile by Number Answered

Percent of People with Each Score

Your Score History

You have not taken this quiz